=LDR 00000nam 2200000 4500 =001 INLIS000000000020677 =005 20130612115619 =008 ***********************************Ind** =035 ##$$0010-061300000020677 =041 ##$$a Ind =082 ##$$a 707 =090 ##$$a 707, Kar b =100 ##$$a Kartono, Ario =245 ##$$a Berkreasi seni untuk SMA, Ario Kartono =260 ##$$a 2004 $b Bandung =300 ##$$a ...jil, ilus, 27 cm =650 ##$$a Kesenian-Pelajaran =850 ##$$a NBPNMAT =990 ##$$a 92418/BPAP-NTB/2014 =990 ##$$a 0001/BPAP-NTB/20142014 =990 ##$$a 0001/BPAP-NTB/20142014 =990 ##$$a 0001/BPAP-NTB/20142015 =990 ##$$a 0001/BPAP-NTB/2016 =990 ##$$a 20872087 =990 ##$$a 01201802087 =990 ##$$a 92418/BPAP-NTB/2014 =990 ##$$a 0001/BPAP-NTB/20142014 =990 ##$$a 0001/BPAP-NTB/20142014 =990 ##$$a 0001/BPAP-NTB/20142015 =990 ##$$a 0001/BPAP-NTB/2016